Power system analysis (Record no. 1347)

000 -LEADER
fixed length control field 00590nam a2200229 a 4500
001 - CONTROL NUMBER
control field 1347
003 - CONTROL NUMBER IDENTIFIER
control field BD-DhUET
008 - FIXED-LENGTH DATA ELEMENTS--GENERAL INFORMATION
fixed length control field 931008s1994 nyua 001 0 eng
020 ## - INTERNATIONAL STANDARD BOOK NUMBER
International Standard Book Number 0070585156
020 ## - INTERNATIONAL STANDARD BOOK NUMBER
International Standard Book Number 0071133380
040 ## - CATALOGING SOURCE
Original cataloging agency DLC
Transcribing agency DLC
Modifying agency BD-DhUET
082 00 - DEWEY DECIMAL CLASSIFICATION NUMBER
Classification number 623.19
Item number GRA/1994
100 1# - MAIN ENTRY--PERSONAL NAME
Personal name Grainger, John J.
245 10 - TITLE STATEMENT
Title Power system analysis
250 ## - EDITION STATEMENT
Edition statement 1st ed.
260 ## - PUBLICATION, DISTRIBUTION, ETC. (IMPRINT)
Place of publication, distribution, etc. New York
Name of publisher, distributor, etc. McGraw-Hill
Date of publication, distribution, etc. 1994
300 ## - PHYSICAL DESCRIPTION
Extent xix, 787 p.
Other physical details ill.
504 ## - BIBLIOGRAPHY, ETC. NOTE
Bibliography, etc Includes bibliographies
650 #0 - SUBJECT ADDED ENTRY--TOPICAL TERM
Topical term or geographic name as entry element Electric power systems-Management
700 1# - ADDED ENTRY--PERSONAL NAME
Personal name Stevenson, William D.
942 ## - ADDED ENTRY ELEMENTS (KOHA)
Koha item type General Book
Holdings
Piece designation (barcode) Koha item type Price effective from Lost status Damaged status Koha date last borrowed Koha full call number Sublocation or collection (holding branch) Koha renewals Not for loan Shelving location Koha out on loan Date acquired Koha issues (times borrowed) Koha normalized classification for sorting Koha date last seen Copy number Location (home branch) Withdrawn status Source of classification or shelving scheme
103960General Book2014-09-03  2024-03-04623.19/GRA/1994Central Library, BUET  Circulation section 2014-09-035623_000000000000000_19GRA19942024-06-011Central Library, BUET  
103961General Book2014-09-03  2019-05-06623.19/GRA/1994Central Library, BUET  Circulation section 2014-09-031623_000000000000000_19GRA19942020-01-142Central Library, BUET  
103962General Book2014-09-03  2025-07-13623.19/GRA/1994Central Library, BUET1 Circulation section 2014-09-033623_000000000000000_19GRA19942025-11-033Central Library, BUET  
103963General Book2014-09-03  2019-10-21623.19/GRA/1994Central Library, BUET  Circulation section 2014-09-031623_000000000000000_19GRA19942025-04-224Central Library, BUET  
103964General Book2014-09-03  2023-11-27623.19/GRA/1994Central Library, BUET  Circulation section2023-12-112014-09-031623_000000000000000_19GRA19942023-11-275Central Library, BUET  
103965General Book2014-09-03   623.19/GRA/1994Central Library, BUET  Circulation section 2014-09-03 623_000000000000000_19GRA19942016-01-266Central Library, BUET  
103966General Book2014-09-03  2021-02-13623.19/GRA/1994Central Library, BUET2 Circulation section 2014-09-031623_000000000000000_19GRA19942021-12-137Central Library, BUET  
103967General Book2014-09-03  2022-02-06623.19/GRA/1994Central Library, BUET  Circulation section2023-02-062014-09-032623_000000000000000_19GRA19942022-02-068Central Library, BUET  
103968General Book2014-09-03  2025-05-03623.19/GRA/1994Central Library, BUET  Circulation section2025-05-172014-09-035623_000000000000000_19GRA19942025-05-039Central Library, BUET  
89529Reading Item2015-06-21   623.19/GRA/1994Central Library, BUET  Reading section 2015-06-21 623_190000000000000_GRA_19942015-06-2110Central Library, BUET  
91138Reading Item2015-06-21   623.19/GRA/1994Central Library, BUET  Reading section 2015-06-21 623_190000000000000_GRA_19942015-06-2111Central Library, BUET  
90777Reading Item2015-07-02   623.19/GRA/1994Central Library, BUET  Reading section 2015-07-02 623_190000000000000_GRA_19942015-07-0212Central Library, BUET